Statistics for Guess the American Flags

Click here to take the quiz!

General Stats

  • This quiz has been taken 11 times
  • The average score is 32 of 35

Answer Stats

Answer% Correct
Argentina
100%
Brazil
100%
Canada
100%
Jamaica
100%
Mexico
100%
USA
100%
Venezuela
100%
Antigua and Barbuda
91%
Bahamas
91%
Barbados
91%
Belize
91%
Bolivia
91%
Chile
91%
Colombia
91%
Costa Rica
91%
Cuba
91%
Dominica
91%
Ecuador
91%
El Salvador
91%
Grenada
91%
Guatemala
91%
Haiti
91%
Honduras
91%
Nicaragua
91%
Panama
91%
Paraguay
91%
Peru
91%
St. Kitts and Nevis
91%
St. Lucia
91%
St. Vincent and the Grenadines
91%
Suriname
91%
Trinidad and Tobago
91%
Uruguay
91%
Guyana
82%
Democratic Republic
45%

Score Distribution

Percentile by Number Answered

Percent of People with Each Score

Your Score History

You have not taken this quiz